Mathematics for technical and vocational students (Record no. 20039)
[ view plain ]
| 000 -LEADER | |
|---|---|
| fixed length control field | 00590nam a2200217Ia 4500 |
| 001 - CONTROL NUMBER | |
| control field | 19667 |
| 008 - FIXED-LENGTH DATA ELEMENTS--GENERAL INFORMATION | |
| fixed length control field | 140408s9999 xx 000 0 und d |
| 020 ## - INTERNATIONAL STANDARD BOOK NUMBER | |
| International Standard Book Number | 0-13-010432-9 |
| 040 ## - CATALOGING SOURCE | |
| Transcribing agency | PK-LaUMT |
| 082 ## - DEWEY DECIMAL CLASSIFICATION NUMBER | |
| Classification number | 513.14 |
| Item number | BOY-M |
| 100 ## - MAIN ENTRY--PERSONAL NAME | |
| Personal name | John G. Boyce |
| 245 ## - TITLE STATEMENT | |
| Title | Mathematics for technical and vocational students |
| Statement of responsibility, etc | John G. Boyce<>Louis Margolis<>Samuel Slade |
| 250 ## - EDITION STATEMENT | |
| Edition statement | 10th |
| 260 ## - PUBLICATION, DISTRIBUTION, ETC. (IMPRINT) | |
| Place of publication, distribution, etc | Upper Saddle River,USA: |
| Name of publisher, distributor, etc | Prentice Hall, |
| Date of publication, distribution, etc | 2000 |
| 300 ## - PHYSICAL DESCRIPTION | |
| Extent | 644 p. |
| 546 ## - LANGUAGE NOTE | |
| Language note | EN |
| 650 ## - SUBJECT ADDED ENTRY--TOPICAL TERM | |
| Topical term or geographic name as entry element | Shop mathematics |
| 700 ## - ADDED ENTRY--PERSONAL NAME | |
| Personal name | Louis Margolis |
| 700 ## - ADDED ENTRY--PERSONAL NAME | |
| Personal name | Samuel Slade |
| 942 ## - ADDED ENTRY ELEMENTS (KOHA) | |
| Koha item type | Books |
| Withdrawn status | Lost status | Damaged status | Not for loan | Home library | Current library | Date acquired | Total Checkouts | Full call number | Barcode | Date last seen | Price effective from | Koha item type |
|---|---|---|---|---|---|---|---|---|---|---|---|---|
| UMT Main Campus | UMT Main Campus | 2014-04-07 | 513.14 BOY-M | 22860 | 2016-02-24 | 2014-04-23 | Books |
